000 00928nam a2200253 a 4500
001 BRCA_6613
005 20190320205527.0
008 081010c1964----ag-af#####---#000-0#spa-#
041 _aspa
044 _aag
050 4 _aND553
_b.P56 97
_c1964
245 1 0 _aStephan Lochner
_cmonografía por Bernhard Kerber ; traducción por Ángel Sánchez Gijón ; el juicio del siglo XX, por Adolfo Luis Ribera.
260 _aArgentina
_bCodex
_c[1964]
300 _a1 v. (sin paginación)
_bil., 16 láminas a color
_c36 cm.
440 0 _aPinacoteca de los genios : la más grandiosa colección de arte del mundo
_v97
_916542
500 _aIncluye índice de ilustraciones
500 _aDonación Dra. Elsa Barberena
600 1 4 _aLochner, Stephan
_d1410-1452
_916543
700 1 _aKerber, Bernhard
_916544
700 1 _aSánchez Gijón, Ángel
_etr.
_916545
700 1 _aRibera, Adolfo Luis
_916546
902 _aDEB
942 _2lcc
_cB
999 _c6297
_d6297